| 000 | 01783nam0a2200409 4500 | ||
|---|---|---|---|
| 001 | RU\NLR\bibl\142903 | ||
| 005 | 20260406222444.0 | ||
| 010 | _a5-87442-094-0 | ||
| 020 |
_aRU _b98-17275 _9Книжная летопись |
||
| 021 |
_aRU _b98-5514 _9266 |
||
| 035 | _a(NLR Aleph) 000139993 | ||
| 090 |
_a801107 _c801107 |
||
| 100 | _a19990528d1997 |||y0rusy50 ca | ||
| 101 | 0 | _arus | |
| 102 | _aRU | ||
| 105 | _ay ||||||||| | ||
| 200 | 1 |
_aСоборность в России и современность _eТез. и материалы регион. науч. конф., 25 окт. 1997 г. _f[Отв. ред. Дулимов Е. И.] |
|
| 210 |
_aРостов н/Д _cГефест _d1997 |
||
| 215 |
_a170 с. _cил. _d21 |
||
| 300 | _aВ надзаг.: Дон. юрид. ин-т, Науч. секция Рост. регион. отд-ния Всерос. обществ.-полит. движения "Духов. наследие", Рост. гос. консерватория им. С. Рахманинова | ||
| 606 | 0 |
_aСоборность _jСъезды, совещания и т.п. _92074419 _3RU\NLR\auth\661249418 |
|
| 610 | 0 | _aСоборность | |
| 610 | 0 | _a"Русская идея" | |
| 610 | 0 | _aПолитическая идеология | |
| 675 |
_a[130.3+159.922.4](-82)(043.2) _v3 _zrus |
||
| 686 |
_a02 _2rugasnti |
||
| 686 |
_a87.2/3 _2rubbk |
||
| 686 | _aТ3(2)0-7я431 | ||
| 702 | 1 |
_aДулимов _bЕ. И. _4340 |
|
| 712 | 0 | 2 |
_4570 _aДонской юридический институт _cРостов-на-Дону _3RU\NLR\AUTH\889977486 _9451730 |
| 801 | 0 |
_aRU _bRKP _c19990528 _gPSBO |
|
| 801 | 1 |
_aRU _bRKP _c19990528 |
|
| 801 | 2 |
_aRU _bNLR _c20061017 _grcr |
|
| 852 |
_aNLR _j2000-3/10115 |
||
| 942 | _cBOOK | ||
| 980 | _aNB | ||